How to Write Proposals Sales Letter & Reports / (Record no. 74844)

MARC details
000 -LEADER
fixed length control field 00482nam a22001577a 4500
005 - DATE AND TIME OF LATEST TRANSACTION
control field 20130425112312.0
020 ## - INTERNATIONAL STANDARD BOOK NUMBER
International Standard Book Number 97881309187792
Terms of availability 225.00
037 ## - SOURCE OF ACQUISITION
Source of stock number/acquisition DBAD/PUB
100 ## - MAIN ENTRY--PERSONAL NAME
Personal name Neil,Sawers
245 ## - TITLE STATEMENT
Title How to Write Proposals Sales Letter & Reports /
Statement of responsibility, etc by Nail Sawers
260 ## - PUBLICATION, DISTRIBUTION, ETC. (IMPRINT)
Place of publication, distribution, etc New Delhi
Name of publisher, distributor, etc Viva Books Private Limited
Date of publication, distribution, etc c2009
270 ## - ADDRESS
Address 4737/23 Ansari Road,Daryaganj
City New Delhi
Postal code 110002
300 ## - PHYSICAL DESCRIPTION
Extent 215p.
Other physical details ill.
Dimensions 22cm(pbk)
500 ## - GENERAL NOTE
General note It Includ index
942 ## - ADDED ENTRY ELEMENTS (KOHA)
Source of classification or shelving scheme Dewey Decimal Classification
Item type English Books
Call number suffix SAW

No items available.


© Delhi Public Library
Hit Counter
free hit counter